00410nam a2200121 a 4500008004100000050001600041100002000057245007800077246008300155260002000238300002100258350000900279120416s1990 ||||||||||||||||| || u aLB 2301 Mat aMatiru, Barbara10aTowards academic and professional excellence in higher education, part II areport on the Sub-Regional workshop 17 - 30 June, 1990 Witzenhausen and Berlin aBonnbDSEc1990 aix, 240p. : ill. a0.00